El mundo y su historia VII : (Record no. 28894)
[ view plain ]
| 000 -LEADER | |
|---|---|
| campo de control de longitud fija | 00695nam a22002297a 4500 |
| 001 - NÚMERO DE CONTROL | |
| campo de control | 00028853 |
| 005 - FECHA Y HORA DE LA ÚLTIMA TRANSACCIÓN | |
| campo de control | 20260423152921.0 |
| 008 - DATOS DE LONGITUD FIJA--INFORMACIÓN GENERAL | |
| campo de control de longitud fija | 260423b ag ||||| |||| 00| 0 spa d |
| 040 ## - FUENTE DE CATALOGACIÓN | |
| Centro catalogador/agencia de origen | AR-CcCEOS |
| Lengua de catalogación | Español; Castellano |
| Centro/agencia transcriptor | AR-CcCEOS |
| 041 ## - CÓDIGO DE IDIOMA | |
| Código de lengua del texto/banda sonora o título independiente | Español; Castellano |
| 080 ## - NÚMERO DE LA CLASIFICACIÓN DECIMAL UNIVERSAL | |
| Número de la Clasificación Decimal Universal | 930.9 |
| 090 ## - LOCALMENTE ASIGNADO TIPO-LC NÚMERO DE CLASIFICACIÓN (OCLC); NÚMERO DE CLASIFICACIÓN LOCAL (RLIN) | |
| Número cutter local (OCLC) ; Número de libro/Signatura topográfica íntegra, CALL (RLIN) | BER t.12 |
| 100 1# - ENTRADA PRINCIPAL--NOMBRE DE PERSONA | |
| Nombre de persona | Bergeron, Louis |
| 9 (RLIN) | 1106 |
| 245 ## - MENCIÓN DEL TÍTULO | |
| Título | El mundo y su historia VII : |
| Resto del título | Las revoluciones europeas y el reparto del mundo / |
| Mención de responsabilidad, etc. | Louis Bergeron |
| 250 ## - MENCION DE EDICION | |
| Mención de edición | 1ª ed. |
| 264 ## - PRODUCCIÓN, PUBLICACIÓN, DISTRIBUCIÓN, FABRICACIÓN Y COPYRIGHT | |
| Producción, publicación, distribución, fabricación y copyright | Barcelona : |
| Nombre del de productor, editor, distribuidor, fabricante | Argos, |
| Fecha de producción, publicación, distribución, fabricación o copyright | c1970. |
| 300 ## - DESCRIPCIÓN FÍSICA | |
| Extensión | 572 p. ; |
| Dimensiones | 24x18 cm. |
| 490 ## - MENCIÓN DE SERIE | |
| Designación de volumen o secuencia | Historia Universal ; t.7 |
| 650 #0 - PUNTO DE ACCESO ADICIONAL DE MATERIA--TÉRMINO DE MATERIA | |
| Término de materia o nombre geográfico como elemento de entrada | HISTORIA UNIVERSAL |
| 9 (RLIN) | 1103 |
| 942 ## - ELEMENTOS DE ENTRADA SECUNDARIOS (KOHA) | |
| Fuente de la clasificación o esquema de estantería | Clasificación decimal universal |
| Tipo de ítem Koha | Libros |
| Suprimir en OPAC | No |
| Estatus retirado | Estado de pérdida | Fuente de la clasificación o esquema de estantería | Estado de daño | No para préstamo | Biblioteca de origen | Biblioteca actual | Fecha de adquisición | Fuente de adquisición | Número de inventario | Total de préstamos | Signatura topográfica completa | Información codificada de la localización en otra ubicación | Colección | Código de barras | Visto por última vez | Precio de reemplazo | Tipo de ítem Koha |
|---|---|---|---|---|---|---|---|---|---|---|---|---|---|---|---|---|---|
| Clasificación decimal universal | Biblioteca Julio Serebrinsky | Biblioteca Julio Serebrinsky | 23/04/2026 | Donación | 46483 | 930.9 | BER t.7 | SER | 46483 | 23/04/2026 | 23/04/2026 | Libros |